Výberová bibliografia k časopisu "Spoločenské vědy v SSSR" z problematiky sociológie a vedeckého komunizmu

Bibliographic Details
Main Author: Kupsáková, Anna (Author)
Format: Article
Language:Slovak
PhysicalDescription:Lit. 32 zázn. v češ.
Subjects:

MARC

LEADER 00000nab a2200000 a 4500
001 vtls000204090
003 SK-MaSNL
005 20260304072641.0
008 250423c1984 xo 0 slo
015 |a SNBRB19rr/mm-uuuuu 
035 |a CL0214203 
035 |a urn:nbn:sk:snk-ab28pe 
035 |a (urnnbn)urn:nbn:sk:snk:ar-a01ygc 
035 |a (uuid)98b3b979-2aac-4751-9394-551c6759dbb4 
040 |a SNKBUCL  |b slo  |c SNKBUCL  |e AACR2 
041 0 |a slo 
044 |a xo  |c SK 
080 |a 3(05)(47):012  |2 1981 
080 |a 012  |2 1981 
080 |a 3(05)(47)  |2 1981 
100 1 |a Kupsáková, Anna  |4 aut  |9 1342969 
245 1 0 |a Výberová bibliografia k časopisu "Spoločenské vědy v SSSR" z problematiky sociológie a vedeckého komunizmu  |c Anna Kupsáková 
300 |b Lit. 32 zázn. v češ. 
650 0 7 |a sociológia  |2 snkbucl  |9 1010 
650 0 7 |a komunizmus vedecký  |2 snkbucl  |9 344363 
650 0 7 |a Obščestvennyje nauki v SSSR (čas. sov.)  |2 snkbucl  |9 1360578 
650 0 7 |a bibliografie výberové  |2 snkbucl  |9 289093 
655 7 |a články z novín a časopisov  |2 snkbucl  |9 267496 
773 0 |t Sociológia  |g Roč. 16, č. 4 (1984), s. 475-476 
850 |a Slovenská národná knižnica 
852 |a Slovenská národná knižnica 
954 |a odborná, vedecká literatúra pôvodná (slovenská)  |2 lita 
958 |a article27 
958 |a RK 
958 |a SF 
958 |a OND 
958 |a EUIPO 
992 |a RBX 
999 |c 2767416  |d 2769346